| 000 | 00805cam a2200217 4500 | ||
|---|---|---|---|
| 008 | 041206t20002000sp 000 0 spa u | ||
| 020 | _a8481556599 | ||
| 035 | _a a442650 | ||
| 050 | 0 | 0 |
_aKKT3534 _bC36 2000 |
| 100 | 1 | _aCano, María José. | |
| 245 | 1 | 0 |
_aMonedas, uniones monetarias e instrumentos de pago en el comercio exterior / _cMaría José Cano, Javier Wrana, Fernando Alonso. |
| 260 |
_aMadrid : _bDykinson, _cc2000. |
||
| 300 |
_aix, 178 p. : _bil. ; _c24 cm. |
||
| 506 | _aFomes 2003 | ||
| 504 | _aIncluye bibliografías : p. 177-178 e ídice. | ||
| 650 | 1 | 0 |
_aDinero _xLeyes y legislación _zEspaña |
| 650 | 2 | 0 |
_aMoneda extranjera _xLeyes y legislación _zEspaña |
| 700 | 1 | _aWrana Trautmann, Francisco Javier, coaut. | |
| 700 | 1 | _aAlonso, Fernando, coaut. | |
| 942 |
_2lcc _LIB |
||
| 999 |
_c112851 _d112851 |
||